| 000 | 01030nam a22002417a 4500 | ||
|---|---|---|---|
| 008 | 090115t xxu||||| |||| 00| 0 eng d | ||
| 010 | _aENG-92541 B-355871 | ||
| 020 |
_c550.00 _a9788189886783 |
||
| 035 | _aEN-76074 | ||
| 035 | _aB-355871 | ||
| 037 | _bDBAD / PUB | ||
| 040 |
_adpl _bEnglish |
||
| 082 | _a352.007220954 | ||
| 100 | _aDharmaraj, S. | ||
| 245 |
_aPanchayati raj system in India / _cby S. Dharamraj |
||
| 260 |
_aDelhi _bAbhijeet Publications _c2008 |
||
| 300 |
_ax, 171p. _c21cm (Hb) |
||
| 500 | _aIncludes bibliographical reference and index | ||
| 650 |
_aPanchayat _zIndia. |
||
| 942 |
_2ddc _cEN _mDHA _h352.007220954 |
||
| 999 |
_c21062 _d21062 |
||